Ariana Grande - Chansons en emojis #1 - Statistiques

Statistiques générales
  • Ce quiz a été pris 598 fois
  • Le résultat moyen est 6 sur 10
Statistiques - réponses
Emojis Chansons % Correct
💍💍💍💍💍💍💍 7 rings
93%
⛓️‍💥🆓 Break Free
89%
❌💧⬅️😭 no tears left to cry
84%
♾️☀️ eternal sunshine
82%
🛐👩🏻 God is a woman
60%
🚀 NASA
52%
💨🔫💨🔫 Bang Bang
49%
☝️🔚🕰️ One Last Time
42%
🙏🫵🔜 thank u, next
36%
🧐🧮➕➖✖️➗ Problem
10%
Aucun quiz correspondant
Distribution des résultats
% des personnes avec chaque résultat
Percentile par nombre de réponses
Votre historique - résultats
Vous n’avez pas pris ce quiz